00372nam a22001097a 4500008004100000020001500041050001900056100002000075245010000095260005200195300001500247250127b |||||||| |||| 00| 0 eng d a9789987722 aPL8702.5b.M85 aMulokozi, M. M. aUtangulizi wa fasihi ya kiswahili :bKozi za fasihi vyuoni na vyuo vikuu / byc M. M. Mulokozi aDare salaam, TanzaniabKauttu Da resalaamc2017 axii, 403p.